Online Public Access Catalogue

The Metabolism and Function of Glycoproteins / (Record no. 887)

MARC details
000 -LEADER
fixed length control field 00464nam a2200133Ia 4500
082 ## - DEWEY DECIMAL CLASSIFICATION NUMBER
Classification number 574.1924
Author Mark SME
100 ## - MAIN ENTRY--PERSONAL NAME
Author Name Smellie, R. M. S. (ed)
245 #4 - TITLE STATEMENT
Title The Metabolism and Function of Glycoproteins /
260 ## - PUBLICATION, DISTRIBUTION, ETC.
Place of publication, distribution, etc. London
Name of publisher, distributor, etc. The Biochemical Society
Date of publication, distribution, etc. 1974
300 ## - PHYSICAL DESCRIPTION
No of Pages 176
illustrations ill
Dimensions 20CM
504 ## - BIBLIOGRAPHY, ETC. NOTE
Bibliography, Index, etc. note INCLUDE:INDEX
650 ## - SUBJECT ADDED ENTRY--TOPICAL TERM
Subject Proteins. Biochemistry. Glycoproteins.
Keywords ANALYSIS OF GLYCOPROTEINS, HETEROGENEITY OF GLYCOPROTEINS
942 ## - ADDED ENTRY ELEMENTS (KOHA)
Koha item type Books
Source of classification or shelving scheme
952 ## - LOCATION AND ITEM INFORMATION (KOHA)
-- 2018-03-16
Holdings
Item status Home library Current library Shelving location Date acquired Total Checkouts Full call number Barcode Date last seen Koha item type
  Islamabad Medical and Dental College Islamabad Medical and Dental College Islamabad Medical and Dental College 16/03/2018   574.1924 SME 1028 16/03/2018 Books

Copyright @ IMDC Library
Islamabad Medical and Dental College
Bhara Kahu, Islamabad

  Contact the Librarian, IMDC
  Email:: library@imdcollege.edu.pk

  OPAC Customized by
  Mazhar Hussain,
  Librarian:
  Islamabad Medical and Dental College
  Email:: library@imdcollege.edu.pk